00537cam a2200157 4500020001500000082001400015100002800029245004200057250001200099260012500111300001400236650004000250650004000290650002400330650002500354 a085404009000a541.3 MCG1 aMcGlashan, Maxwell Len,10aPhysicochemical quantities and units: a2nd ed. aLondon,bRoyal Institute of Chemistry; Letchworth, Distributed by the Chemical Society Publications Sales Office,c1971. ax, 117 p. 0aChemistry, Physical and theoretical 0aChemistry, Physical and theoretical 2aChemistry, Physical 2aWeights and measures